| 000 | 01216cam a22002055a 4500 | ||
|---|---|---|---|
| 001 | L151906 | ||
| 008 | 101220s2010 xxk f 000 0 eng d | ||
| 035 | _a(Sirsi) u151906 | ||
| 041 | 0 | _aeng | |
| 110 | 2 |
_aUnited Kingdom Parliament _bHouse of Lords _93232 |
|
| 245 | 0 | 0 |
_aBill documents _bEnergy Bill[HL] 2010-11 _h[electronic resource] |
| 260 |
_aLondon _bHouse of Lords _c2010 |
||
| 490 | 0 |
_aHouse of Lords Bill _v33 (2010-11) |
|
| 520 | _aBill makes provision for the financing and arranging of energy efficiency improvements to be made to properties by owners and occupiers. Includes measures regarding the energy efficiency of properties in the private rented sector, the promotion by energy companies of reductions in carbon emissions and home heating costs and information relating to energy consumption efficiency and tariffs. The first reading of the bill was on 8 December 2010 with the second due on 22nd December 2010. | ||
| 650 | 2 | 4 | _aENERGY EFFICIENCY BILL |
| 651 | 4 |
_aEngland _y886- |
|
| 690 | _aENVIRONMENTAL AND LAND CONSULTANCY-ENERGY | ||
| 856 | 4 | 0 |
_uhttps://www.publications.parliament.uk/pa/ld201011/ldbills/033/11033.i-v.html _zView the item free of charge at: www.parliament.uk |
| 942 | _n0 | ||
| 999 |
_c111723 _d111723 |
||